Liderago auténtico / (Registro nro. 29764)
[ vista simple ]
| 000 -LEADER | |
|---|---|
| fixed length control field | 01268cam a2200337 i 4500 |
| 001 - CONTROL NUMBER | |
| control field | 29764 |
| 003 - CONTROL NUMBER IDENTIFIER | |
| control field | Mx-PuUPA |
| 005 - DATE AND TIME OF LATEST TRANSACTION | |
| control field | 20251127192435.0 |
| 008 - FIXED-LENGTH DATA ELEMENTS--GENERAL INFORMATION | |
| fixed length control field | 140415s2005 mx gr 000 0 spa d |
| 020 ## - INTERNATIONAL STANDARD BOOK NUMBER | |
| International Standard Book Number | 9683813410 |
| 040 ## - CATALOGING SOURCE | |
| Original cataloging agency | Mx-PuUPA |
| Language of cataloging | spa |
| Transcribing agency | Mx-PuUPA |
| Modifying agency | Mx-PuUPA |
| Description conventions | rda |
| 041 1# - LANGUAGE CODE | |
| Language code of text/sound track or separate title | spa |
| Language code of original | eng |
| 100 1# - MAIN ENTRY--PERSONAL NAME | |
| Personal name | George, Bill, |
| Fuller form of name | (William W.) |
| Dates associated with a name | 1942- |
| Titles and words associated with a name | vicomte de, |
| 9 (RLIN) | 17680 |
| Relator term | autor |
| 240 10 - UNIFORM TITLE | |
| Uniform title | Authentic leadership. |
| Language of a work | Español |
| 245 10 - TITLE STATEMENT | |
| Title | Liderago auténtico / |
| Statement of responsibility, etc. | Bill George ; prólogo por Warren Bennis ; traducido al español por Juan Carlos Jolly |
| 246 14 - VARYING FORM OF TITLE | |
| Title proper/short title | Liderazgo auténtico : |
| Remainder of title | redescubrimiento de los secretos para crear un valor duradero. |
| 250 ## - EDITION STATEMENT | |
| Edition statement | Primera edición |
| 264 #1 - PRODUCTION, PUBLICATION, DISTRIBUTION, MANUFACTURE, AND COPYRIGHT NOTICE | |
| Place of production, publication, distribution, manufacture | México, D.F. : |
| Name of producer, publisher, distributor, manufacturer | Panorama Editorial, |
| Date of production, publication, distribution, manufacture, or copyright notice | 2005 |
| 300 ## - PHYSICAL DESCRIPTION | |
| Extent | 208 páginas ; |
| Dimensions | 23 cm |
| 336 ## - CONTENT TYPE | |
| Fuente | rdacontent |
| Content type term | texto |
| Content type code | txt |
| 337 ## - MEDIA TYPE | |
| Source | rdamedia |
| Media type term | sin medio |
| Media type code | n |
| 338 ## - CARRIER TYPE | |
| Source | rdacarrier |
| Carrier type term | volumen |
| Carrier type code | nc |
| 650 #7 - SUBJECT ADDED ENTRY--TOPICAL TERM | |
| Source of heading or term | armarc |
| Topical term or geographic name entry element | Liderazgo |
| 650 #7 - SUBJECT ADDED ENTRY--TOPICAL TERM | |
| Source of heading or term | armarc |
| Topical term or geographic name entry element | Eficacia organizacional |
| 700 1# - ADDED ENTRY--PERSONAL NAME | |
| Personal name | Bennis, Warren, |
| Relator term | prologuista |
| 700 1# - ADDED ENTRY--PERSONAL NAME | |
| Personal name | Jolly, Juan Carlos, |
| Relator term | traductor |
| 765 0# - ORIGINAL LANGUAGE ENTRY | |
| Main entry heading | George, Bill (William W.) 1942- vicomte de, |
| Title | Authentic leadership. |
| 942 ## - ADDED ENTRY ELEMENTS (KOHA) | |
| Source of classification or shelving scheme | Dewey Decimal Classification |
| Koha item type | Libro |
| Classification part | 658.4092 |
| Item part | G3418 |
| Withdrawn status | Lost status | Source of classification or shelving scheme | Damaged status | Not for loan | Collection code | Home library | Current library | Shelving location | Date acquired | Source of acquisition | Total Checkouts | Full call number | Barcode | Date last seen | Price effective from | Koha item type |
|---|---|---|---|---|---|---|---|---|---|---|---|---|---|---|---|---|
| Dewey Decimal Classification | General | Tehuacán | Tehuacán | Sala general | 03/12/2013 | Compra | 658.4092 G3418 2005 | 968000002910 | 08/01/2025 | 03/12/2013 | Libro |